000 01330nam a2200445 i 4500
001 9660
003 KOSZ 005
005 20191014133505.0
008 990506s1978 pl f |000 0 pol
015 _aPB 1983/2920
035 _a991009483249705066
035 _a(PL-WaBN)b12566846-48omnis_nlop
035 _ab12566846
035 _a(OCoLC)69520158
035 _a(PL)b0000001256684
035 _a(EXLNZ-48OMNIS_NETWORK)9910110030705606
040 _aWA N
_cWA N
_dKOSZ 005/EG
041 0 _apol
046 _k1965
080 _a1
080 _a(091)
100 1 _aSikora, Adam
_d(1928-2011)
_eAutor
245 1 0 _aSpotkanie z filozofią /
_cAdam Sikora.
250 _a[Wyd. 5 uzup.].
260 _aWarszawa :
_b"Iskry",
_c1978.
300 _a405, [3] s. ;
_c19 cm.
336 _2rdacontent
_aTekst
_btxt
337 _2rdamedia
_aBez urządzenia pośredniczącego
_bn
338 _2rdacarrier
_aWolumin
_bnc
380 _aKsiążki
388 _a1901-2000
388 _a1945-1989
650 7 _aFilozofia
_2DBN
650 7 _aHistoria
658 _aFilozofia i etyka
710 2 _aPaństwowe Wydawnictwo "Iskry"
_4pbl
856 _uhttp://koha.tu.koszalin.pl/cgi-bin/koha/opac-detail.pl?biblionumber=9660
_yKatalog online BPK
942 _2UKD
_cKS
999 _c9660
_d9660